000 00622nam a2200217Ia 4500
003 OSt
005 20220926010218.0
006 a|||||r|||| 00| 0
007 ta
008 220923b |||||||| |||| 00| 0 eng d
037 _cGeneral Book
040 _aRTL
_cRTL
_beng
041 _2eng
_aeng
082 _aX.2.N78, L8.M2/SC
100 _aCHAUDHURI pramit
245 0 _aIndian economy
_b Poverty and development.
260 _a New Delhi
_bVikas publishing House
_c1978
300 _aix, 279p.
_ccm.
942 _hX.2.N78, L8.M2/SC
_cGB
_2CC
999 _c616707
_d616707